000 02209cam a22001814a 4500
005 20250605163924.0
008 250528s ||||||||||||||||||||||||d
035 _a14474
040 _aGR-AtMCL
_bgre
_dGR-AtMCL
_eAACR2
245 1 _aΚοινωνική Ασφάλιση και Ισότητα των Φύλων
260 _bΚοινοβουλευτική Ομάδα Του Ευρωπαϊκού Σοσιαλιστικού,
_c2002
300 _a162
520 _aΠρόλογος, Μεταρρύθμιση Ασφαλιστικών Συστημάτων και Ισότητα των Φύλων, Εισαγωγή, Κοινωνική Ασφάλιση και Ισότητα των Φύλων, Συνταξιοδότηση των Γυναικών και Ισότητα των Φύλων, Οτική Ισορροπίας ανάμεσα στο Ρυθμιστικό Ρόλο της Πολιτείας και στο Διπλό Ρόλο των Εργαζόμενων Γυναικών, Gender Equality in the Social Policy Agenda, Κοινωνική Προστασία και Δικαιώματα των Γυναικών, Ρύθμιση του ''Ασφαλιστικού'' και Ουσιαστική Ισότητα των Φύλων και Ουσιαστική Στήριξη της Οικογένειας: Μια Αδιάσπαστη Ενότητα, Οι Ευρωπαϊκές Εξελίξεις στην Κοινωνική Ασφάλιση - Η Διάσταση του Φύλου, Gender Inequality and Pensions - A European and Global Perspective, Social Policy and Gender Equality in Sweden, Μεταρρύθμιση του Ελληνικού Ασφαλιστικού Συστήματος και Ισότητα των Φύλων, Το Σύστημα Κοινωνικής Προστασίας στην Ελλάδα και οι Γυναίκες - Μελέτες (ΚΕΘΙ), Μεταρρύθμιση του Συνταξιοδοτικού Συστήματος και Ισότητα των Φύλων, Ανισότητες Φύλων και Κοινωνική Ασφάλιση: Ορισμένα Συμπεράσματα.
700 1 _aΚαραμάνου Άννα
_9159
942 _cBK
999 _c104
_d104